00324nam a22001097a 4500020002200000082001500022100001900037245008700056260004100143300000800184650002200192 a978-81-8495-024-3 a294.54 KNA aKnapp, Stephen aSpiritual India Handbook: A Guide to Temples, Holy sites, Festivals and Traditions aMumbaibJaico Publishing Housec2009 a559 aHindu pilgrimages